000 01311cam a22002771i 4500
003 SA-RiAUC
005 20250523133334.0
008 250522s1998 ua g 000 0 ara c
020 _a9772153246
040 _aJO-IrYU
_bara
_cSA-RiAUC
_erda
050 1 4 _b.M285 1998
082 0 4 _a219.1
_qSA-RiAUC
090 _a219.1
_bم ن ص
100 1 _aمنصور، محمد مصطفى
_eمؤلف.
245 1 0 _aمفاهيم وأخطاء في واقع الحياة الإسلامية :
_bالمصطلح-الاعتقاد-التطبيق /
_cمحمد مصطفى منصور.
264 1 _aالقاهرة :
_bدار غريب،
_c1998
300 _a160 صفحة ؛
_c24 سم.
336 _aنص
_btxt
_2rdacontent
_3كتاب
337 _aبدون وسيط
_bn
_2rdamedia
338 _aمجلد
_bnc
_2rdacarrier
490 0 _aسلسلة نحو مجتمع إسلامي
520 0 _aيتناول الكتاب مفاهيم ومصطلحات دينية يوضحها ويبين آراء المنصفون من العلماء والمخالفون منهم مثل مصطلح الفتح، العبادة، الحجاب، الدم، الاستخارة، الزواج، الحسد.
650 7 _aالإسلام والإصلاح الاجتماعي
_2aucsh
942 _2ddc
_cBOOK
_n0
949 _aSA-JeALM
_d250522
_uosman123
_n1
999 _c8254
_d8254